Brand Logos Quiz - Statistics

General Stats
  • This quiz has been taken 8 times
  • The average score is 10 of 16
Answer Stats
Picture Answer % Correct
Addidas
100%
KFC
100%
Monster
100%
New Balance
100%
NFL
100%
Wikipedia
100%
WWF
88%
Chat GPT
75%
T-mobile
75%
Fosters
63%
Rolling Stones
63%
Lamborgini
38%
Allstate
25%
Hydroflask
13%
Random House
0%
Stanley
0%
No matching quizzes found
Score Distribution
Percent of People with Each Score
Percentile by Number Answered
Your Score History
You have not taken this quiz